000
00216nam a2200097Ia 4500
008
230508s1989 xx 000 0 und d
041
_a
eng
100
_a
MALI & CHOUDHARI
245
_a
MACHINE DRAWING
260
_c
1989
999
_c
738225
_d
738225